000 00864nam a2200241Ia 4500
003 OSt
005 20221005113018.0
006 a|||||r|||| 00| 0
007 ta
008 221004b |||||||| |||| 00| 0 pan d
020 _a8171165532 (hbk)
_c390
024 _a105540
037 _b7830/IV, 31/01/2011, Arsee Publishers
_cTextual
040 _aCRL
_cCRL
_bpan
041 _2pan
_apan
082 _aO153,8N10w, Q0
100 _aਗਰਗ, ਕੇ. ਐਲ., ਥਦ।
245 0 _aਹਾਸ ੑ ਵਿਅੰਗ ਦਾ ਬਾਦਾਹ
_b ਪਿਆਰਾ ਸਿੰਘ ਦਾਤਾ
260 _aਦਿੱਲੀ
_bਨੈਨਲ ਬੁੱਕ ਭਾਰਤ
_c2010
300 _a416ਪੰ
_ccm.
942 _hO153,8N10w, Q0
_cTEXL
_2cc
999 _c1026754
_d1026754